| 000 | 00572nmm a2200193Ia 4500 | ||
|---|---|---|---|
| 008 | 251105s9999||||xx |||||||||||||||||und|| | ||
| 020 | _a9786071684257 | ||
| 041 | _aspa | ||
| 100 | _aKenny, Pádraig | ||
| 245 | 0 | _aLos monstruos de Rookhaven | |
| 264 |
_a[México D.C., Mexico] : _bFondo de Cultura Económica, _c2024 |
||
| 300 | _a383 páginas | ||
| 490 | _aA la Orilla del Viento | ||
| 650 | _aTeen & Young Adult Fiction | ||
| 700 | _aKenny, Pádraig | ||
| 700 | 1 | _a Cáceres, Alfredo | |
| 856 | _uhttps://public.digitaliapublishing.com/a/162856 | ||
| 942 | _cCF | ||
| 999 |
_c67435 _d67435 |
||